000 00252nam a2200097Ia 4500
001 1000638
005 20250826230355.0
008 250824s9999 xx 000 0 und d
245 0 _aSÜMBÜLLÜ KÖŞK/M2
_cBİLGİN ADALI
260 _bHEP KİTAP YAYINEVİ
999 _c1000638
_d1000638